000 01078nji a22002657a 4500
005 2010091002032.0
006 a|||||r|||||00| 0
007 sd ammalaaahaa
008 100830t xxu||||| |||| 00| 0 eng d
028 _aN 55655
_bHis Master's Voice
035 _aGR-01837
040 _aSED
_cSED
100 _917455
_aMohd. Rafi
245 _aAbhilasha /
_cby Mohd. Rafi ; music by Rahul Dev Burman; lyrics by Majrooh
_h[sound recording] :
246 _aअभिलाषा
260 _aDum Dum, India
_bHis Master's Voice
300 _a1 sound disc [Gramophone Recording]:
_banalog, 33 1/3 rpm
_c9.5 in. (MP)
_fGramophone Record
500 _aBrief Record
505 _aSide-1 वादिया मेरा दामन (Vaadiya mera daman) (Mohd. Rafi) --Side-2 मुन्ने मेरे आ (Munne mera aa) (Asha Bhosle)
650 _aClassical music
_zIndia
_91186
_xExcerpts
700 _917416
_aBurman, Rahul Dev
700 _917456
_aMajrooh
942 _2ddc
_cGR
999 _c44979
_d44979